000 01679nam a2200421Ii 4500
001 DIGECOED0017
003 NyNyDIG
008 150201s2011 ck ob 000 0 spa d
006 m o d
007 cr |||||||||||
035 _a(OCoLC)841488428
040 _aDGITA
_beng
_erda
_epn
_cDGITA
020 _z9789586487436
020 _z9586487431
050 1 4 _aLB1050 eBook
100 1 _aBernal, Luis Darío,
_eauthor.
245 1 3 _aLa literatura y la competencia lectora :
_bdegustando la lectura /
_cLuis Darío Bernal Pinilla.
250 _aTercera edición.
264 1 _aBogota, D.C. :
_bECOE Ediciones,
_c2011.
300 _a1 online resource (x, 98 pages)
336 _atext
_btxt
_2rdacontent
337 _acomputer
_bc
_2rdamedia
338 _aonline resource
_bcr
_2rdacarrier
490 1 _aTextos universitarios. Area educación y pedagogía.
588 0 _aOnline resource; title from ePub and PDF title page (Digitalia, viewed January 10, 2015)
504 _aIncludes bibliographical references (pages 97-98).
650 0 _aReading.
650 0 _aReading promotion.
650 0 _aBooks and reading.
655 0 _aElectronic books
791 2 _aDigitalia (Firm),
_edistributor.
793 0 _gDigitalia eBook Collection:
_aECOE Ediciones
776 0 8 _iPrint version:
_aBernal, Luis Darío.
_tliteratura y la competencia lectora.
_bTercera edición.
_dBogotá, D.C.: ECOE Ediciones, 2011
_z9789586487436.
830 0 _aColección Textos universitarios (ECOE Ediciones).
_pÁrea educación y pedagogía.
856 4 0 _3Digitalia Hispánica
_uhttps://www.digitaliapublishing.com/a/29989/
910 _aPremium Collection: 2015
942 _cRAA
999 _c240158
_d240158